MESTSKÁ KNIŽNICA GIRALTOVCE  - online katalóg 

200 ispirujících príbehu (Record no. 22399)

000 -NÁVESTIE
fixed length control field 00386nam a2200157 4500
008 - ÚDAJE S PEVNOU DĹŽKOU – VŠEOBECNÉ INFORMÁCIE
fixed length control field 190521s2005||||CZ d
020 ## - MEDZINÁRODNÉ ŠTANDARDNÉ ČÍSLO KNIHY (ISBN)
Medzinárodné štandardné číslo knihy (ISBN) 8080790361
Údaje o dostupnosti 0
041 1# - KÓD JAZYKA
Kód jazyka textu/zvukovej stopy alebo samostatných nápisov cze
044 ## - KÓD KRAJINY VYDAVATEĽA/PRODUCENTA
Kód krajiny MARC CZ
100 1# - OSOBNÉ MENÁ – VŠEOBECNÉ INFORMÁCIE
Osobné meno Cayce Edgar
-- 1105
245 10 - NÁZOV
Názov 200 ispirujících príbehu
Zvyšok názvu pre 4.rocník zdš
260 ## - VYDAVATEĽSKÉ ÚDAJE, DISTRIBÚCIA ATĎ.
Názov vydavateľa, distibútora atď. Eko-kozult
Miesto publikovania, distribúcie atď. Bratislava
Dátum publikovania, distribúcie atď. 2005
250 ## - ÚDAJ O PORADÍ VYDANIA
Údaj o poradí vydania 1.vydanie
300 ## - FYZICKÝ POPIS
Rozsah 215s.
958 ## - Formálny deskriptor
Formálny deskriptor A
Holdings
Stav stiahnutia (Blokovanie) (Withrawn status) Stav straty Stav poškodenia (Damaged status) Nie pre výpožičky (Not for loan) Spôsob nadobudnutia (Collection code) Trvalé umiestnenie Aktuálne umiestnenie Dátum nadobudnutia Inventárne číslo (prírastkové číslo) Full call number Dátum posledného výskytu Cena s účinnosťou od Typ jednotky Koha
        Dar Mestská knižnica Giraltovce Mestská knižnica Giraltovce 2019-05-10 20730 V337 2019-12-12 2019-12-12 Odborná literatúra pre dospelých

Powered by Koha